[Event "B"]
[Site "?"]
[Date "2017.08.05"]
[Round "3.1"]
[White "Businski, Karol"]
[Black "Tomicki, Marek"]
[Result "1/2-1/2"]
[BlackElo "1649"]
[WhiteElo "1401"]
[LiveChessVersion "1.4.8"]

1. e4 {[%clk 1:00:57]} c6 {[%clk 1:00:49]} 2. Nf3 {[%clk 1:01:17]} d5
{[%clk 1:00:54]} 3. exd5 {[%clk 1:00:57]} cxd5 {[%clk 1:01:16]} 4. d4
{[%clk 1:01:22]} e6 {[%clk 1:01:13]} 5. Bd3 {[%clk 1:00:29]} Nf6 {[%clk 1:01:20]}
6. O-O {[%clk 1:00:51]} Bd6 {[%clk 0:59:08]} 7. Re1 {[%clk 1:00:58]} O-O
{[%clk 0:59:04]} 8. Qe2 {[%clk 0:57:24]} Nbd7 {[%clk 0:54:31]} 9. Ne5
{[%clk 0:51:58]} b6 {[%clk 0:44:57]} 10. Bg5 {[%clk 0:50:27]} Qc7
{[%clk 0:43:45]} 11. Nd2 {[%clk 0:34:04]} Bb7 {[%clk 0:41:46]} 12. Kh1
{[%clk 0:27:05]} Rac8 {[%clk 0:26:50]} 13. Rac1 a6 {[%clk 0:26:00]} 14. Nxd7
{[%clk 0:23:18]} Nxd7 {[%clk 0:26:09]} 15. Nf3 {[%clk 0:23:39]} Bf4
{[%clk 0:23:51]} 16. Bxf4 {[%clk 0:21:09]} Qxf4 {[%clk 0:24:15]} 17. Bxa6
{[%clk 0:21:18]} Bxa6 {[%clk 0:23:32]} 18. Qxa6 {[%clk 0:21:46]} g5
{[%clk 0:19:13]} 19. Qe2 {[%clk 0:15:53]} g4 {[%clk 0:15:54]} 20. Ne5
{[%clk 0:16:21]} Nxe5 {[%clk 0:15:57]} 21. dxe5 {[%clk 0:16:49]} Rc4
{[%clk 0:11:57]} 22. Qe3 {[%clk 0:14:05]} Qf5 {[%clk 0:11:43]} 23. c3
{[%clk 0:12:41]} b5 {[%clk 0:11:43]} 24. a3 Re4 {[%clk 0:11:35]} 25. Qd2
{[%clk 0:12:55]} Qxe5 {[%clk 0:10:08]} 26. Rxe4 {[%clk 0:11:57]} Qxe4
{[%clk 0:10:20]} 27. Re1 {[%clk 0:07:32]} Qf5 {[%clk 0:06:26]} 28. Qd4
{[%clk 0:07:59]} f6 {[%clk 0:04:06]} 29. Kg1 {[%clk 0:08:14]} Rc8
{[%clk 0:03:17]} 30. Qb6 {[%clk 0:04:08]} e5 {[%clk 0:02:29]} 31. Qxb5
{[%clk 0:04:04]} e4 {[%clk 0:02:00]} 32. Qb7 {[%clk 0:02:42]} Re8
{[%clk 0:02:00]} 33. Rd1 {[%clk 0:02:21]} e3 {[%clk 0:01:43]} 34. fxe3
{[%clk 0:02:19]} Qc2 {[%clk 0:01:05]} 35. Qxd5+ {[%clk 0:02:33]} Kg7
{[%clk 0:01:02]} 36. Qd2 {[%clk 0:01:27]} Qe4 {[%clk 0:01:02]} 37. Re1
{[%clk 0:01:42]} Kg6 {[%clk 0:01:19]} 38. Kf1 {[%clk 0:01:40]} Re5
{[%clk 0:01:25]} 39. Qc1 {[%clk 0:01:28]} Rd5 {[%clk 0:01:28]} 40. Qb1
{[%clk 0:01:30]} Rd3 {[%clk 0:00:59]} 41. Qc1 {[%clk 0:01:27]} h5
{[%clk 0:01:05]} 42. Re2 {[%clk 0:00:48]} h4 {[%clk 0:01:25]} 43. c4
{[%clk 0:00:42]} h3 {[%clk 0:01:42]} 44. Qc2 {[%clk 0:00:31]} hxg2+
{[%clk 0:01:37]} 45. Rxg2 Kg5 {[%clk 0:01:19]} 46. h4+ {[%clk 0:00:36]} Kxh4
{[%clk 0:01:23]} 47. Qf2+ {[%clk 0:00:57]} Kh5 {[%clk 0:01:33]} 48. Rh2+
{[%clk 0:00:53]} Kg6 {[%clk 0:01:52]} 49. Qf4 {[%clk 0:00:37]} Rd1+
{[%clk 0:02:02]} 50. Kf2 {[%clk 0:00:53]} Qc2+ {[%clk 0:00:41]} 51. Kg3
{[%clk 0:01:22]} Rg1+ {[%clk 0:00:48]} 52. Kh4 {[%clk 0:01:42]} Qd1
{[%clk 0:01:03]} 53. Qe4+ {[%clk 0:01:39]} Kh6 {[%clk 0:01:09]} 54. Qf4+
{[%clk 0:00:47]} Kg6 {[%clk 0:01:24]} 55. Qe4+ {[%clk 0:00:38]} Kh6
{[%clk 0:01:47]} 56. Qf4+ 1/2-1/2

[Event "B"]
[Site "?"]
[Date "2017.08.05"]
[Round "3.2"]
[White "Olkuski, Tadeusz"]
[Black "Kutylo, Konrad"]
[Result "1/2-1/2"]
[BlackElo "1422"]
[WhiteElo "1346"]
[LiveChessVersion "1.4.8"]

1. e4 {[%clk 1:00:58]} e6 {[%clk 1:00:50]} 2. d4 {[%clk 1:01:23]} d5
{[%clk 1:01:15]} 3. e5 {[%clk 1:01:46]} c5 {[%clk 1:01:40]} 4. c3
{[%clk 1:02:12]} Nc6 {[%clk 1:02:02]} 5. Nf3 {[%clk 1:02:18]} Bd7
{[%clk 1:02:20]} 6. Be2 {[%clk 0:59:13]} Qc7 {[%clk 1:02:32]} 7. O-O
{[%clk 0:58:04]} Nge7 {[%clk 1:02:32]} 8. Be3 {[%clk 0:51:36]} Ng6
{[%clk 1:01:19]} 9. a3 {[%clk 0:45:43]} Be7 {[%clk 1:00:09]} 10. b4
{[%clk 0:45:26]} b6 {[%clk 0:56:35]} 11. Nbd2 {[%clk 0:42:42]} c4
{[%clk 0:52:27]} 12. Ne1 {[%clk 0:39:46]} f5 {[%clk 0:52:34]} 13. f4
{[%clk 0:38:41]} O-O {[%clk 0:52:15]} 14. g4 {[%clk 0:36:05]} fxg4
{[%clk 0:49:35]} 15. Bxg4 {[%clk 0:36:21]} Bh4 {[%clk 0:48:10]} 16. Ng2
{[%clk 0:36:05]} Qd8 {[%clk 0:44:09]} 17. Nf3 {[%clk 0:32:17]} Be7
{[%clk 0:40:45]} 18. Nd2 {[%clk 0:30:05]} Nh4 {[%clk 0:40:50]} 19. Nxh4
{[%clk 0:29:02]} Bxh4 {[%clk 0:41:09]} 20. Qe2 {[%clk 0:25:19]} Ne7
{[%clk 0:40:26]} 21. Nf3 {[%clk 0:25:24]} Nf5 {[%clk 0:40:16]} 22. Bxf5
{[%clk 0:25:08]} Rxf5 {[%clk 0:40:21]} 23. Nxh4 {[%clk 0:24:22]} Qxh4
{[%clk 0:40:35]} 24. Qf2 {[%clk 0:23:12]} Qxf2+ {[%clk 0:38:02]} 25. Rxf2
{[%clk 0:23:35]} Raf8 {[%clk 0:38:09]} 26. Raf1 {[%clk 0:19:59]} Be8
{[%clk 0:38:06]} 27. h3 {[%clk 0:17:39]} Bg6 {[%clk 0:37:58]} 28. Kh2
{[%clk 0:15:39]} Rh5 {[%clk 0:37:27]} 29. Rf3 {[%clk 0:14:56]} Bf5
{[%clk 0:37:13]} 30. Rg3 {[%clk 0:14:00]} Bg6 {[%clk 0:36:18]} 31. Rfg1
{[%clk 0:14:06]} Ra8 {[%clk 0:35:51]} 32. Rg5 {[%clk 0:10:02]} Rxg5
{[%clk 0:35:30]} 33. Rxg5 {[%clk 0:09:55]} Be4 {[%clk 0:34:52]} 34. h4
{[%clk 0:09:19]} a5 {[%clk 0:38:20]} 35. Bc1 {[%clk 0:07:29]} axb4
{[%clk 0:30:31]} 36. cxb4 {[%clk 0:07:43]} b5 {[%clk 0:30:22]} 37. Rg3
{[%clk 0:08:06]} Rc8 {[%clk 0:29:04]} 38. Rc3 {[%clk 0:08:28]} Kf7
{[%clk 0:28:37]} 39. Kg3 {[%clk 0:08:55]} Kg6 {[%clk 0:28:13]} 40. Bd2
{[%clk 0:08:44]} Kf5 {[%clk 0:26:37]} 41. Bc1 {[%clk 0:08:59]} Bd3
{[%clk 0:26:27]} 42. Kf3 {[%clk 0:08:02]} Be4+ {[%clk 0:25:40]} 43. Kg3
{[%clk 0:08:25]} Bd3 {[%clk 0:24:18]} 44. Kf3 {[%clk 0:08:50]} Rg8
{[%clk 0:24:15]} 45. Bd2 {[%clk 0:08:28]} Be4+ {[%clk 0:21:51]} 46. Kg3
{[%clk 0:08:44]} Rc8 {[%clk 0:19:15]} 1/2-1/2

[Event "B"]
[Site "?"]
[Date "2017.08.05"]
[Round "3.3"]
[White "Miakisz, Wojciech"]
[Black "Sawicki, Wojciech"]
[Result "0-1"]
[BlackElo "1249"]
[WhiteElo "1552"]
[LiveChessVersion "1.4.8"]

1. d4 {[%clk 1:00:49]} Nf6 {[%clk 1:00:54]} 2. c4 {[%clk 1:00:49]} c5
{[%clk 1:01:05]} 3. e3 {[%clk 0:59:57]} g6 {[%clk 1:01:12]} 4. Nf3
{[%clk 1:00:15]} Bg7 {[%clk 1:01:30]} 5. Bd3 {[%clk 1:00:32]} O-O
{[%clk 1:01:35]} 6. O-O {[%clk 1:00:46]} d6 {[%clk 1:00:54]} 7. Nc3
{[%clk 1:00:48]} Nc6 {[%clk 1:00:33]} 8. d5 {[%clk 1:00:36]} Nb4 {[%clk 0:59:35]}
9. Bb1 {[%clk 1:00:49]} Bg4 {[%clk 0:57:55]} 10. a3 {[%clk 1:00:30]} Na6
{[%clk 0:57:54]} 11. h3 {[%clk 0:59:53]} Bxf3 {[%clk 0:58:03]} 12. Qxf3
{[%clk 1:00:10]} Qd7 {[%clk 0:57:41]} 13. e4 {[%clk 0:59:10]} e6 {[%clk 0:57:13]}
14. Bg5 {[%clk 0:58:36]} Ne8 {[%clk 0:56:56]} 15. Qg3 {[%clk 0:53:55]} Nac7
{[%clk 0:54:45]} 16. Bc2 {[%clk 0:53:33]} f6 {[%clk 0:54:12]} 17. dxe6
{[%clk 0:50:29]} Nxe6 {[%clk 0:53:36]} 18. Be3 {[%clk 0:50:38]} N8c7
{[%clk 0:52:54]} 19. Rfd1 {[%clk 0:48:46]} Rad8 {[%clk 0:52:53]} 20. Rd2
{[%clk 0:47:59]} Qe7 {[%clk 0:50:54]} 21. Rad1 {[%clk 0:47:52]} Ne8
{[%clk 0:49:21]} 22. Nb5 {[%clk 0:45:52]} a6 {[%clk 0:48:52]} 23. Nxd6
{[%clk 0:45:33]} Nxd6 {[%clk 0:48:28]} 24. Rxd6 {[%clk 0:45:41]} Nd4
{[%clk 0:47:55]} 25. R6xd4 {[%clk 0:41:51]} cxd4 {[%clk 0:47:26]} 26. Bxd4
{[%clk 0:40:05]} f5 {[%clk 0:45:19]} 27. e5 {[%clk 0:39:59]} f4 {[%clk 0:45:14]}
28. Qc3 {[%clk 0:39:02]} Rfe8 {[%clk 0:43:08]} 29. Re1 {[%clk 0:34:46]} Qd7
{[%clk 0:38:48]} 30. Re4 {[%clk 0:30:10]} Qe6 {[%clk 0:32:36]} 31. c5
{[%clk 0:25:24]} Kh8 {[%clk 0:31:42]} 32. b4 {[%clk 0:25:18]} Re7
{[%clk 0:28:40]} 33. Bb3 {[%clk 0:23:56]} Qf5 {[%clk 0:26:18]} 34. f3
{[%clk 0:24:15]} Red7 {[%clk 0:23:03]} 35. a4 {[%clk 0:20:21]} Qxe4
{[%clk 0:21:00]} 36. fxe4 {[%clk 0:20:29]} Rxd4 {[%clk 0:21:10]} 37. Bd5
{[%clk 0:19:28]} Bxe5 {[%clk 0:20:58]} 38. Qb3 {[%clk 0:19:20]} Rd7
{[%clk 0:20:07]} 39. b5 {[%clk 0:18:28]} a5 {[%clk 0:19:18]} 40. c6
{[%clk 0:15:21]} bxc6 {[%clk 0:18:10]} 41. bxc6 {[%clk 0:15:19]} Rd8
{[%clk 0:17:32]} 42. Qb6 {[%clk 0:14:50]} Rd1+ {[%clk 0:16:39]} 43. Kh2
{[%clk 0:14:35]} f3+ {[%clk 0:16:46]} 44. g3 {[%clk 0:14:50]} Rd2+ 45. Kh1 Rd1+
46. Kh2 Rd2+ 47. Kg1 Bd4+ 48. Kh1 Rd1+ 49. Kh2 Rd2+ 50. Kh1 Be5 51. Kg1 Rd1+ 52.
Kh2 Rd2+ 53. Kh1 Rd1+ 54. Qg1 Rc1 55. Qb6 Rd1+ 56. Kh2 Rd2+ 57. Kh1 Rd1+ 58. Kh2
0-1

[Event "B"]
[Site "?"]
[Date "2017.08.05"]
[Round "3.4"]
[White "Sivickis, Andrejus"]
[Black "Balcerczak, Ewa"]
[Result "1-0"]
[BlackElo "1492"]
[WhiteElo "1127"]
[LiveChessVersion "1.4.8"]

1. e4 {[%clk 1:00:36]} e6 {[%clk 1:00:59]} 2. d4 {[%clk 1:00:56]} d5
{[%clk 1:01:00]} 3. exd5 {[%clk 1:01:15]} exd5 {[%clk 1:01:19]} 4. Bd3
{[%clk 1:01:36]} Bd6 {[%clk 1:01:15]} 5. Nf3 {[%clk 1:01:02]} Qe7+ 6. Be3
{[%clk 1:01:00]} Bg4 {[%clk 0:59:12]} 7. O-O {[%clk 1:00:24]} Nd7
{[%clk 0:58:43]} 8. Re1 {[%clk 1:00:14]} O-O-O {[%clk 0:58:40]} 9. Bg5
{[%clk 0:59:22]} Bxf3 {[%clk 0:58:56]} 10. Bxe7 {[%clk 0:58:30]} Bxd1
{[%clk 0:59:12]} 11. Bxd8 Kxd8 {[%clk 0:58:02]} 12. Rxd1 {[%clk 0:59:02]} Ngf6
{[%clk 0:56:50]} 13. Nc3 {[%clk 0:55:16]} h5 {[%clk 0:55:53]} 14. Nb5
{[%clk 0:50:03]} Bf4 {[%clk 0:52:05]} 15. g3 {[%clk 0:49:50]} Bg5
{[%clk 0:52:15]} 16. h4 {[%clk 0:47:11]} Bh6 {[%clk 0:52:18]} 17. Bf5
{[%clk 0:47:21]} Nf8 {[%clk 0:51:58]} 18. Re1 {[%clk 0:42:33]} g6
{[%clk 0:50:32]} 19. Bh3 {[%clk 0:42:43]} g5 {[%clk 0:50:48]} 20. hxg5
{[%clk 0:42:51]} Bxg5 {[%clk 0:50:00]} 21. Re5 {[%clk 0:42:05]} Rg8
{[%clk 0:43:09]} 22. Rae1 {[%clk 0:42:25]} Bf4 {[%clk 0:43:00]} 23. Re7
{[%clk 0:41:12]} Ne4 {[%clk 0:39:50]} 24. Rxf7 {[%clk 0:32:28]} Ng5
{[%clk 0:18:33]} 25. Rf5 {[%clk 0:32:46]} Nf3+ {[%clk 0:18:13]} 26. Kf1
{[%clk 0:31:10]} Nxe1 27. Kxe1 {[%clk 0:31:39]} Bd6 {[%clk 0:16:48]} 28. Nxd6
cxd6 {[%clk 0:17:05]} 29. Rxh5 {[%clk 0:31:47]} Rg7 {[%clk 0:15:11]} 30. Rxd5
{[%clk 0:31:35]} Kc7 {[%clk 0:15:31]} 31. Rh5 {[%clk 0:29:09]} Re7+
{[%clk 0:15:39]} 32. Kf1 {[%clk 0:29:17]} Nh7 {[%clk 0:14:06]} 33. Rf5
{[%clk 0:27:50]} b6 {[%clk 0:13:34]} 34. c4 {[%clk 0:27:47]} Rg7 {[%clk 0:12:13]}
35. f4 {[%clk 0:26:55]} Kb7 {[%clk 0:10:50]} 36. g4 {[%clk 0:26:26]} Ka6
{[%clk 0:09:23]} 37. b4 {[%clk 0:23:22]} Rc7 {[%clk 0:08:53]} 38. Kf2
{[%clk 0:21:02]} Rc8 {[%clk 0:08:34]} 39. g5 {[%clk 0:19:39]} Rd8 40. Bg2 Nf8
{[%clk 0:08:52]} 41. Rf7 {[%clk 0:19:51]} b5 42. Bb7+ {[%clk 0:17:02]} 1-0

[Event "B"]
[Site "?"]
[Date "2017.08.05"]
[Round "4.1"]
[White "Tomicki, Marek"]
[Black "Olkuski, Tadeusz"]
[Result "1-0"]
[BlackElo "1346"]
[WhiteElo "1649"]
[LiveChessVersion "1.4.8"]

1. e4 {[%clk 1:00:50]} c5 {[%clk 1:00:56]} 2. Nf3 {[%clk 1:01:09]} d6
{[%clk 1:01:19]} 3. d4 {[%clk 1:01:26]} cxd4 {[%clk 1:01:44]} 4. Nxd4
{[%clk 1:01:47]} Nf6 {[%clk 1:02:05]} 5. Nc3 {[%clk 1:02:08]} a6 {[%clk 1:02:27]}
6. Be2 {[%clk 1:02:17]} e6 {[%clk 1:01:42]} 7. O-O {[%clk 1:02:08]} Be7
{[%clk 1:02:03]} 8. Kh1 {[%clk 1:01:17]} O-O {[%clk 1:02:09]} 9. f4
{[%clk 1:01:06]} Qc7 {[%clk 0:59:27]} 10. Bf3 {[%clk 1:00:42]} Nbd7
{[%clk 0:52:46]} 11. g4 {[%clk 0:59:44]} e5 {[%clk 0:51:00]} 12. Nf5
{[%clk 0:59:23]} Nb6 {[%clk 0:48:10]} 13. g5 {[%clk 0:58:35]} Ne8
{[%clk 0:46:44]} 14. Nxe7+ {[%clk 0:56:50]} Qxe7 {[%clk 0:47:03]} 15. f5
{[%clk 0:56:47]} Qc7 {[%clk 0:41:30]} 16. Be3 {[%clk 0:51:17]} Kh8
{[%clk 0:39:02]} 17. Qe1 {[%clk 0:46:14]} Bd7 {[%clk 0:27:26]} 18. Qh4
{[%clk 0:44:26]} Qd8 {[%clk 0:25:14]} 19. Qh5 {[%clk 0:39:03]} Nc4
{[%clk 0:24:35]} 20. Bc1 {[%clk 0:38:27]} b5 {[%clk 0:23:18]} 21. Nd5
{[%clk 0:36:14]} Bc6 {[%clk 0:20:06]} 22. g6 {[%clk 0:35:26]} fxg6
{[%clk 0:19:56]} 23. fxg6 {[%clk 0:35:39]} h6 {[%clk 0:19:41]} 24. Bxh6
{[%clk 0:35:34]} Kg8 {[%clk 0:18:59]} 25. Bg5 {[%clk 0:35:12]} Nf6
{[%clk 0:18:21]} 26. Bxf6 {[%clk 0:34:56]} Rxf6 {[%clk 0:18:39]} 27. Qh7+
{[%clk 0:35:09]} Kf8 {[%clk 0:18:52]} 28. Qh8# Bd7 29. Nc3+ 1-0

[Event "B"]
[Site "?"]
[Date "2017.08.05"]
[Round "4.2"]
[White "Kutylo, Konrad"]
[Black "Sivickis, Andrejus"]
[Result "1-0"]
[BlackElo "1127"]
[WhiteElo "1422"]
[LiveChessVersion "1.4.8"]

1. d4 {[%clk 1:00:58]} Nf6 {[%clk 1:00:54]} 2. Nf3 {[%clk 1:01:17]} d6
{[%clk 1:00:11]} 3. c4 {[%clk 1:01:46]} c5 {[%clk 1:00:07]} 4. dxc5
{[%clk 1:01:05]} Qa5+ {[%clk 1:00:18]} 5. Nc3 {[%clk 0:58:22]} Qxc5
{[%clk 1:00:36]} 6. e3 {[%clk 0:57:19]} g6 {[%clk 1:00:43]} 7. Bd3
{[%clk 0:55:14]} Bg7 {[%clk 1:00:46]} 8. Qc2 {[%clk 0:54:44]} Nc6
{[%clk 1:00:51]} 9. a3 {[%clk 0:53:57]} O-O {[%clk 1:00:22]} 10. O-O
{[%clk 0:51:39]} a6 {[%clk 0:59:15]} 11. b4 {[%clk 0:49:57]} Qb6 {[%clk 0:56:42]}
12. Bb2 {[%clk 0:49:19]} Qc7 {[%clk 0:52:03]} 13. Rac1 {[%clk 0:48:09]} e6
{[%clk 0:51:37]} 14. Rfd1 {[%clk 0:43:14]} Bd7 {[%clk 0:46:59]} 15. Be2
{[%clk 0:40:03]} Rfd8 {[%clk 0:42:48]} 16. Ba1 {[%clk 0:34:55]} Ne5
{[%clk 0:35:56]} 17. Nxe5 {[%clk 0:33:52]} dxe5 {[%clk 0:36:12]} 18. Na4
{[%clk 0:30:17]} b5 {[%clk 0:29:16]} 19. Nc5 {[%clk 0:27:28]} bxc4
{[%clk 0:23:48]} 20. Bxc4 {[%clk 0:24:24]} Bb5 {[%clk 0:23:18]} 21. Qe2
{[%clk 0:22:32]} Nd5 {[%clk 0:17:34]} 22. Bb2 {[%clk 0:22:02]} Bxc4
{[%clk 0:16:59]} 23. Qxc4 {[%clk 0:21:32]} Qb6 {[%clk 0:12:52]} 24. Qe2
{[%clk 0:11:08]} a5 {[%clk 0:12:44]} 25. Na4 {[%clk 0:09:17]} Qa6
{[%clk 0:11:51]} 26. Qxa6 {[%clk 0:08:58]} Rxa6 {[%clk 0:12:14]} 27. Nc5
{[%clk 0:08:28]} Rb6 {[%clk 0:12:17]} 28. e4 {[%clk 0:08:36]} Rb5
{[%clk 0:10:27]} 29. exd5 {[%clk 0:08:20]} exd5 {[%clk 0:10:47]} 30. Bc3
{[%clk 0:08:06]} d4 {[%clk 0:10:41]} 31. Be1 {[%clk 0:08:01]} Bf8
{[%clk 0:09:32]} 32. a4 {[%clk 0:07:36]} Rbb8 {[%clk 0:07:55]} 33. b5
{[%clk 0:07:56]} Rdc8 {[%clk 0:07:34]} 34. Nd7 {[%clk 0:07:24]} Rxc1
{[%clk 0:07:37]} 35. Rxc1 {[%clk 0:07:49]} Ra8 {[%clk 0:07:31]} 36. Nxe5
{[%clk 0:08:02]} Bb4 {[%clk 0:07:35]} 37. Bxb4 {[%clk 0:05:20]} axb4
{[%clk 0:07:54]} 38. Ra1 {[%clk 0:05:46]} Kg7 {[%clk 0:08:01]} 39. a5
{[%clk 0:05:55]} Kg8 1-0

[Event "B"]
[Site "?"]
[Date "2017.08.05"]
[Round "4.3"]
[White "Sawicki, Wojciech"]
[Black "Businski, Karol"]
[Result "0-1"]
[BlackElo "1401"]
[WhiteElo "1249"]
[LiveChessVersion "1.4.8"]

1. d4 {[%clk 1:00:53]} d5 {[%clk 1:00:59]} 2. c4 {[%clk 1:01:12]} Nf6
{[%clk 0:58:48]} 3. g3 {[%clk 1:01:34]} e6 {[%clk 0:59:05]} 4. Bg2
{[%clk 1:01:57]} c5 {[%clk 0:54:41]} 5. dxc5 {[%clk 1:01:02]} Bxc5
{[%clk 0:53:27]} 6. Nf3 {[%clk 1:00:53]} O-O {[%clk 0:51:20]} 7. cxd5
{[%clk 0:59:43]} Bb4+ {[%clk 0:49:54]} 8. Bd2 {[%clk 0:59:43]} Nxd5
{[%clk 0:50:21]} 9. O-O {[%clk 0:59:28]} Nc6 {[%clk 0:43:43]} 10. a3
{[%clk 0:58:53]} Be7 {[%clk 0:40:54]} 11. Nc3 {[%clk 0:58:08]} Bf6
{[%clk 0:39:09]} 12. e4 {[%clk 0:53:03]} Nxc3 {[%clk 0:39:17]} 13. Bxc3
{[%clk 0:52:52]} Bxc3 {[%clk 0:39:45]} 14. bxc3 {[%clk 0:53:08]} e5
{[%clk 0:40:13]} 15. Qc2 {[%clk 0:51:33]} f6 {[%clk 0:40:02]} 16. Rfd1
{[%clk 0:50:51]} Qe7 {[%clk 0:40:30]} 17. a4 {[%clk 0:50:34]} Kh8
{[%clk 0:40:46]} 18. Rd2 {[%clk 0:50:13]} Be6 {[%clk 0:41:13]} 19. a5
{[%clk 0:47:39]} Qc7 {[%clk 0:38:37]} 20. a6 {[%clk 0:46:56]} b6 {[%clk 0:39:05]}
21. Qd3 {[%clk 0:43:57]} Na5 {[%clk 0:39:08]} 22. Qd6 {[%clk 0:41:42]} Qf7
{[%clk 0:35:47]} 23. Rdd1 {[%clk 0:39:19]} Rac8 {[%clk 0:31:38]} 24. Qd3
{[%clk 0:37:26]} Rc7 {[%clk 0:30:42]} 25. Nd2 {[%clk 0:35:32]} Rfc8
{[%clk 0:29:59]} 26. Rac1 {[%clk 0:34:47]} Rd7 {[%clk 0:28:10]} 27. Qe2
{[%clk 0:33:27]} Rcd8 {[%clk 0:24:23]} 28. Bf1 {[%clk 0:29:30]} Rd6
{[%clk 0:21:16]} 29. Rb1 {[%clk 0:27:16]} Qd7 {[%clk 0:20:17]} 30. Rb2
{[%clk 0:24:04]} Nc4 {[%clk 0:19:02]} 31. Nxc4 {[%clk 0:24:10]} Rxd1
{[%clk 0:19:30]} 32. Nxb6 {[%clk 0:22:06]} axb6 {[%clk 0:19:59]} 33. Rxb6
{[%clk 0:21:11]} Bh3 {[%clk 0:20:27]} 34. Rb7 {[%clk 0:21:13]} Qxb7
{[%clk 0:20:49]} 35. axb7 {[%clk 0:21:35]} Rxf1+ {[%clk 0:21:14]} 36. Qxf1
{[%clk 0:21:51]} Bxf1 {[%clk 0:21:42]} 37. Kxf1 {[%clk 0:22:13]} Rb8
{[%clk 0:22:10]} 38. f4 {[%clk 0:22:07]} Rxb7 {[%clk 0:22:38]} 39. fxe5
{[%clk 0:22:17]} fxe5 {[%clk 0:23:06]} 40. Ke2 {[%clk 0:22:35]} Rd7
{[%clk 0:23:33]} 41. c4 {[%clk 0:22:57]} Rd4 {[%clk 0:23:53]} 42. c5
{[%clk 0:23:22]} Kg8 {[%clk 0:24:19]} 43. c6 {[%clk 0:23:43]} Kf7
{[%clk 0:24:39]} 44. c7 {[%clk 0:24:03]} Rc4 {[%clk 0:25:05]} 45. Kd3
{[%clk 0:24:20]} Rxc7 {[%clk 0:25:25]} 46. h4 {[%clk 0:24:41]} Kf6
{[%clk 0:25:50]} 47. g4 {[%clk 0:25:05]} Rc1 {[%clk 0:26:00]} 48. Ke3
{[%clk 0:25:14]} Rc3+ {[%clk 0:26:17]} 49. Kf2 {[%clk 0:25:33]} Rh3
{[%clk 0:26:41]} 50. g5+ {[%clk 0:25:56]} Kg6 {[%clk 0:27:09]} 51. h5+
{[%clk 0:26:11]} Kxg5 {[%clk 0:27:36]} 52. h6 {[%clk 0:26:33]} gxh6
{[%clk 0:27:57]} 53. Kg2 {[%clk 0:26:57]} Kg4 {[%clk 0:28:24]} 54. Kg1
{[%clk 0:27:12]} Kf3 {[%clk 0:28:52]} 55. Kf1 {[%clk 0:27:30]} Rh1#
{[%clk 0:29:19]} 0-1

[Event "B"]
[Site "?"]
[Date "2017.08.05"]
[Round "4.4"]
[White "Retz, Adrian"]
[Black "Biveynis, Alexander"]
[Result "1-0"]
[BlackElo "1203"]
[WhiteElo "1231"]
[LiveChessVersion "1.4.8"]

1. e4 {[%clk 1:00:57]} c5 {[%clk 1:00:45]} 2. Nf3 {[%clk 1:01:22]} d6
{[%clk 1:01:00]} 3. d4 {[%clk 1:01:44]} cxd4 {[%clk 1:01:24]} 4. Qxd4
{[%clk 1:02:08]} a6 {[%clk 1:00:59]} 5. Nc3 {[%clk 1:01:21]} Nc6 {[%clk 1:01:14]}
6. Qc4 {[%clk 1:01:30]} b5 {[%clk 1:00:43]} 7. Qxc6+ {[%clk 1:01:29]} Bd7
{[%clk 1:00:57]} 8. Qd5 {[%clk 1:01:44]} Nf6 {[%clk 1:00:40]} 9. Qd4
{[%clk 1:01:19]} g6 {[%clk 1:00:47]} 10. e5 {[%clk 0:57:05]} dxe5
{[%clk 1:00:10]} 11. Qxe5 {[%clk 0:56:43]} Bg7 {[%clk 0:59:17]} 12. Be2
{[%clk 0:53:07]} O-O {[%clk 0:59:21]} 13. O-O {[%clk 0:52:41]} Be6
{[%clk 0:55:52]} 14. Nd4 {[%clk 0:38:02]} Ng4 {[%clk 0:50:12]} 15. Nxe6
{[%clk 0:36:13]} Nxe5 {[%clk 0:46:13]} 16. Nxd8 {[%clk 0:36:25]} Rfxd8
{[%clk 0:46:11]} 17. Bf4 {[%clk 0:34:21]} Rac8 {[%clk 0:45:08]} 18. Rad1
{[%clk 0:32:35]} Re8 {[%clk 0:43:06]} 19. Rfe1 {[%clk 0:31:50]} Nc4
{[%clk 0:41:15]} 20. Bg4 {[%clk 0:30:30]} Nxb2 {[%clk 0:38:49]} 21. Bxc8
{[%clk 0:20:36]} Bxc3 {[%clk 0:27:54]} 22. Bxa6 {[%clk 0:15:06]} Bxe1
{[%clk 0:23:07]} 23. Rxe1 {[%clk 0:15:09]} b4 {[%clk 0:22:21]} 24. Bb5
{[%clk 0:15:16]} Ra8 {[%clk 0:17:34]} 25. Rxe7 {[%clk 0:12:26]} Rxa2
{[%clk 0:17:05]} 26. Be5 {[%clk 0:10:40]} h5 {[%clk 0:15:41]} 27. Re8+
{[%clk 0:10:25]} Kh7 {[%clk 0:16:00]} 28. Rh8# {[%clk 0:10:52]} 1-0

[Event "B"]
[Site "?"]
[Date "2017.08.05"]
[Round "5.1"]
[White "Retz, Adrian"]
[Black "Tomicki, Marek"]
[Result "0-1"]
[BlackElo "1649"]
[WhiteElo "1231"]
[LiveChessVersion "1.4.8"]

1. e4 {[%clk 1:00:54]} c5 {[%clk 1:00:54]} 2. Nf3 {[%clk 1:01:18]} d6
{[%clk 1:01:19]} 3. d4 {[%clk 1:01:42]} cxd4 {[%clk 1:01:34]} 4. Qxd4
{[%clk 1:02:08]} a6 {[%clk 1:01:25]} 5. Be2 {[%clk 1:01:44]} e6 {[%clk 1:00:51]}
6. Nc3 {[%clk 1:01:27]} Nf6 {[%clk 1:00:25]} 7. Bg5 {[%clk 1:01:41]} Be7
{[%clk 0:59:44]} 8. O-O-O {[%clk 1:00:24]} Nbd7 {[%clk 0:58:19]} 9. Rhe1
{[%clk 0:57:29]} Qc7 {[%clk 0:57:02]} 10. Bc4 {[%clk 0:31:01]} O-O
{[%clk 0:49:02]} 11. Bb3 {[%clk 0:26:18]} b5 {[%clk 0:48:24]} 12. Bxf6
{[%clk 0:24:41]} Nxf6 {[%clk 0:48:33]} 13. e5 {[%clk 0:20:59]} dxe5
{[%clk 0:48:44]} 14. Nxe5 {[%clk 0:19:01]} Bb7 {[%clk 0:47:59]} 15. Qe3
{[%clk 0:15:20]} Rad8 {[%clk 0:44:33]} 16. f4 {[%clk 0:11:46]} b4
{[%clk 0:43:21]} 17. Na4 {[%clk 0:10:19]} Rxd1+ {[%clk 0:42:29]} 18. Rxd1
{[%clk 0:10:42]} Bd5 {[%clk 0:39:52]} 19. g4 {[%clk 0:08:38]} Bxb3
{[%clk 0:39:27]} 20. axb3 {[%clk 0:07:17]} Nd5 {[%clk 0:38:37]} 21. Qe4
{[%clk 0:06:38]} Bf6 {[%clk 0:35:04]} 22. Nd3 {[%clk 0:03:44]} Rc8
{[%clk 0:31:18]} 23. Rd2 {[%clk 0:03:25]} a5 {[%clk 0:31:26]} 24. Nac5
{[%clk 0:03:15]} Nxf4 {[%clk 0:29:34]} 25. Nxf4 {[%clk 0:00:31]} Qxc5
{[%clk 0:29:53]} 26. Rd7 {[%clk 0:00:31]} Qg1+ {[%clk 0:28:25]} 27. Kd2
{[%clk 0:00:34]} Qxh2+ {[%clk 0:28:02]} 28. Kd1 {[%clk 0:00:32]} Qg1+
{[%clk 0:27:35]} 29. Kd2 0-1